Selected topics in molecular spectroscopy / (Record no. 53525)

MARC details
000 -LEADER
fixed length control field 01856nam a22002897a 4500
005 - DATE AND TIME OF LATEST TRANSACTION
control field 20110628104948.0
010 ## - LCCN (DPL NO)
LC control number ENG-102880 B-461647-651
020 ## - INTERNATIONAL STANDARD BOOK NUMBER
International Standard Book Number 9789380945095
Terms of availability 500.00
035 ## - SYSTEM CONTROL NUMBER
System control number EN-86413 B-461647-651
037 ## - SOURCE OF ACQUISITION
Source of stock number/acquisition DBAD/PUB
037 ## - SOURCE OF ACQUISITION
Source of stock number/acquisition Virtuous Pub/Ven
082 ## - DEWEY DECIMAL CLASSIFICATION NUMBER
Classification number 539.12
100 ## - MAIN ENTRY--PERSONAL NAME
Personal name Shukla, R.K.
245 ## - TITLE STATEMENT
Title Selected topics in molecular spectroscopy /
Statement of responsibility, etc by R.K.Shukla
260 ## - PUBLICATION, DISTRIBUTION, ETC. (IMPRINT)
Place of publication, distribution, etc New Delhi
Name of publisher, distributor, etc Educational Book Service
Date of publication, distribution, etc 2011
270 ## - ADDRESS
Address N-3/25A,D.K.Road, mohan garden,Uttam Nagar,
City New Delhi
Postal code 110059
300 2# - PHYSICAL DESCRIPTION
Extent 107p
Dimensions 22cm (Hb)
700 ## - ADDED ENTRY--PERSONAL NAME
9 (RLIN) 28907
942 ## - ADDED ENTRY ELEMENTS (KOHA)
Source of classification or shelving scheme Dewey Decimal Classification
Item type English Books
Classification part 539.12
Call number suffix SHU
Holdings
Withdrawn status Lost status Not for loan Collection code Home library Current library Date acquired Source of acquisition Cost, normal purchase price Full call number Barcode Copy number Cost, replacement price Koha item type
      Non-fiction Central Library Central Library 11/06/2012 Virtuous Pub/938/04.02.2012/20/16.01.2012/10.02.2012 500.00 539.12 SHU B-461647 1 500.00 English Books
    Not For Loan Non-fiction D.B.Act.Division D.B.Act.Division 01/07/2011 DBAD/PUB 500.00 539.12 SHU EN-86413 1 500.00 English Books
      Non-fiction Karol Bagh Karol Bagh 11/06/2012 Virtuous Pub/938/04.02.2012/20/16.01.2012/10.02.2012 500.00 539.12 SHU B-461650 1 500.00 English Books
      Non-fiction Patel Nagar Patel Nagar 11/06/2012 Virtuous Pub/938/04.02.2012/20/16.01.2012/10.02.2012 500.00 539.12 SHU B-461648 1 500.00 English Books
      Non-fiction Sarojini Nagar Sarojini Nagar 11/06/2012 Virtuous Pub/938/04.02.2012/20/16.01.2012/10.02.2012 500.00 539.12 SHU B-461649 1 500.00 English Books
      Non-fiction Shahdara Branch Shahdara Branch 11/06/2012 Virtuous Pub/938/04.02.2012/20/16.01.2012/10.02.2012 500.00 539.12 SHU B-461651 1 500.00 English Books

© Delhi Public Library
Hit Counter
free hit counter